[Event "Bad Woerishofen op"]
[Site "?"]
[Date "2009.03.10"]
[Round "6"]
[White "Babar, Michael"]
[Black "Ries, Berthold"]
[Result "1-0"]
[WhiteElo "2178"]
[BlackElo "2023"]
[PlyCount "44"]
[EventDate "2009.03.05"]

1. e4 c5 2. Nf3 d6 3. c3 Nf6 4. Bd3 e6 5. Bc2 Be7 6. d3 O-O 7. O-O e5 8. Re1
Bg4 9. Nbd2 Nc6 10. Nf1 d5 11. h3 Bh5 12. Qe2 dxe4 13. dxe4 h6 14. g4 Bg6 15.
Ng3 Re8 16. Nh4 Bh7 17. Nhf5 Bf8 18. g5 hxg5 19. Bxg5 Qb6 20. Bxf6 gxf6 21. Bb3
Bg6 22. Qg4 Nd8 1-0

[Event "Bad Woerishofen op"]
[Site "?"]
[Date "2009.03.10"]
[Round "6"]
[White "Hauff, Andre"]
[Black "Zeindlmeier, Thomas"]
[Result "1/2-1/2"]
[WhiteElo "2095"]
[BlackElo "1959"]
[PlyCount "33"]
[EventDate "2009.03.05"]

1. d4 d5 2. c4 c6 3. Nc3 Nf6 4. Nf3 e6 5. Bg5 h6 6. Bh4 dxc4 7. e4 g5 8. Bg3 b5
9. Be2 Bb7 10. O-O Nbd7 11. d5 exd5 12. exd5 Bc5 13. dxc6 Bxc6 14. Nd4 Bxd4 15.
Qxd4 O-O 16. Rad1 Re8 17. f4 1/2-1/2

[Event "Bad Woerishofen op"]
[Site "?"]
[Date "2009.03.10"]
[Round "6"]
[White "Bogner, Norbert"]
[Black "Lindner, Ulrich"]
[Result "0-1"]
[WhiteElo "2075"]
[BlackElo "1943"]
[PlyCount "48"]
[EventDate "2009.03.05"]

1. d4 Nf6 2. c4 c5 3. d5 e6 4. Nc3 exd5 5. cxd5 d6 6. Nf3 g6 7. Bf4 Bg7 8. Qa4+
Bd7 9. Qb3 Qc7 10. e4 O-O 11. Be2 b5 12. Bxb5 Nxe4 13. Nxe4 Re8 14. Nfg5 Qa5+
15. Kd1 Bxb5 16. Nc3 Ba6 17. Qa4 Qxa4+ 18. Nxa4 h6 19. Nf3 Re4 20. Bxd6 Rxa4
21. Bxc5 Nd7 22. Be3 Bxb2 23. Rb1 Rxa2 24. Bxh6 Bd3 0-1

[Event "Bad Woerishofen op"]
[Site "?"]
[Date "2009.03.10"]
[Round "6"]
[White "Frijling, Jereon"]
[Black "Urban, Rudolf"]
[Result "0-1"]
[WhiteElo "1823"]
[BlackElo "1994"]
[PlyCount "78"]
[EventDate "2009.03.05"]

1. d4 Nf6 2. c4 d5 3. cxd5 Qxd5 4. Nc3 Qa5 5. Nf3 Bf5 6. e3 e6 7. Bd3 Nbd7 8.
O-O Bg6 9. e4 c6 10. Bg5 Be7 11. e5 Nd5 12. Bxe7 Nxe7 13. Ne4 Bxe4 14. Bxe4 h6
15. a3 Nb6 16. b4 Qb5 17. Re1 Nbd5 18. Bd3 Qb6 19. Qc2 O-O 20. Re4 a5 21. bxa5
Qxa5 22. Rh4 Qc3 23. Qxc3 Nxc3 24. Nd2 b5 25. Ne4 Nxe4 26. Bxe4 Ra4 27. f3 Rfa8
28. Rc1 R8a6 29. g4 Rxd4 30. g5 g6 31. Rxh6 Rxa3 32. Bxc6 Nxc6 33. Rxc6 Rd2 34.
Rc1 b4 35. Rh4 b3 36. Rb4 b2 37. Rb1 Ra2 38. Rb8+ Kg7 39. f4 Rc2 0-1

[Event "Bad Woerishofen op"]
[Site "?"]
[Date "2009.03.10"]
[Round "6"]
[White "Heinich, Manfred"]
[Black "Spanton, Timothy"]
[Result "0-1"]
[WhiteElo "2120"]
[BlackElo "2008"]
[PlyCount "40"]
[EventDate "2009.03.05"]

1. d4 d5 2. c4 Nc6 3. Nf3 Bg4 4. cxd5 Bxf3 5. gxf3 Qxd5 6. e3 e5 7. Nc3 Bb4 8.
Bd2 Bxc3 9. bxc3 Qd6 10. Rb1 O-O-O 11. Bh3+ Kb8 12. O-O h5 13. f4 exf4 14. exf4
Nf6 15. Qf3 Rhe8 16. c4 Ne4 17. Qb3 b6 18. Be3 Nxd4 19. Bxd4 Qxd4 20. Rfd1 Qc5
0-1

[Event "Bad Woerishofen op"]
[Site "?"]
[Date "2009.03.10"]
[Round "6"]
[White "Wiesbeck, Florian"]
[Black "Haering, Walter-Georg"]
[Result "1-0"]
[WhiteElo "1994"]
[BlackElo "1751"]
[PlyCount "39"]
[EventDate "2009.03.05"]

1. d4 d5 2. c4 c6 3. Nf3 Bf5 4. Nc3 Nf6 5. cxd5 cxd5 6. Bg5 e6 7. Qb3 b6 8. e3
Be7 9. Bb5+ Nbd7 10. Ne5 O-O 11. Nc6 Qe8 12. O-O h6 13. Bh4 g5 14. Bg3 a6 15.
Nxe7+ Qxe7 16. Bc6 Bd3 17. Rfc1 Ra7 18. Nxd5 Nxd5 19. Bxd5 Nf6 20. Bxe6 1-0

[Event "Bad Woerishofen op"]
[Site "?"]
[Date "2009.03.10"]
[Round "6"]
[White "Kuhn, Hans"]
[Black "Helbig, Dieter"]
[Result "0-1"]
[WhiteElo "1584"]
[BlackElo "1876"]
[PlyCount "60"]
[EventDate "2009.03.05"]

1. e4 c5 2. Nf3 Nc6 3. d4 cxd4 4. Nxd4 g6 5. Nxc6 bxc6 6. Be2 Bg7 7. O-O Nf6 8.
f3 Qb6+ 9. Kh1 O-O 10. Qd3 d6 11. Nd2 Nd7 12. Rb1 Qc7 13. b3 a5 14. Bb2 e5 15.
Rfd1 Nb6 16. Nc4 Nxc4 17. bxc4 Rd8 18. Ba3 Bf8 19. c5 Ba6 20. Qe3 Bxe2 21. Qxe2
dxc5 22. Rd2 Rxd2 23. Qxd2 Rd8 24. Qc3 Qd6 25. Qxa5 Qd1+ 26. Qe1 Qxc2 27. Qc1
Qxa2 28. Bb2 Bh6 29. Qc2 Rd2 30. Qc1 Re2 0-1

[Event "Bad Woerishofen sen"]
[Site "?"]
[Date "2009.03.10"]
[Round "6"]
[White "Szenetra, Werner"]
[Black "Hoennekes, Klaus"]
[Result "1-0"]
[WhiteElo "2246"]
[BlackElo "2138"]
[PlyCount "81"]
[EventDate "2009.03.05"]

1. Nf3 g6 2. g3 Bg7 3. Bg2 d6 4. O-O Nf6 5. d3 O-O 6. e4 e5 7. c3 c6 8. Nbd2
Nbd7 9. a4 a5 10. Nc4 Qc7 11. Re1 Re8 12. d4 Nb6 13. dxe5 dxe5 14. Ncxe5 Nxe4
15. Rxe4 Bf5 16. Re1 Bxe5 17. Nxe5 Rxe5 18. Bf4 Rxe1+ 19. Qxe1 Qd8 20. Rd1 Qe8
21. Qd2 Nd7 22. Re1 Qd8 23. Bh6 Nf6 24. Qf4 Ng4 25. Bg5 f6 26. Qc4+ Kg7 27. Bc1
Qd7 28. Qe2 Ne5 29. Rd1 Qf7 30. h3 Re8 31. Qd2 Kg8 32. g4 Bc8 33. f4 Nc4 34.
Qd4 h5 35. b3 hxg4 36. Bf1 Ne5 37. fxe5 fxe5 38. Qf2 Qxb3 39. Qf6 Bf5 40. Bh6
Qf7 41. Bc4 1-0

[Event "Bad Woerishofen sen"]
[Site "?"]
[Date "2009.03.10"]
[Round "6"]
[White "Groenegress, Wilfried"]
[Black "Goy, Udo"]
[Result "0-1"]
[WhiteElo "2178"]
[BlackElo "2203"]
[PlyCount "59"]
[EventDate "2009.03.05"]

1. e4 g6 2. d4 Bg7 3. Nc3 c6 4. Nf3 d6 5. Be3 Nf6 6. h3 O-O 7. Qd2 Nbd7 8. a4
Qc7 9. Be2 e5 10. O-O exd4 11. Nxd4 Nc5 12. f3 Nh5 13. Rad1 d5 14. Nf5 gxf5 15.
Bxc5 d4 16. Bxd4 Rd8 17. Qg5 h6 18. Qxh5 Rxd4 19. exf5 Qf4 20. Bd3 Rxd3 21.
Rxd3 Bxf5 22. Ne4 Re8 23. g3 Qe5 24. g4 Bxe4 25. Qxe5 Bxe5 26. fxe4 Bxb2 27.
Rd7 Rxe4 28. Rfxf7 b5 29. axb5 cxb5 30. Rfe7 0-1

[Event "Bad Woerishofen sen"]
[Site "?"]
[Date "2009.03.10"]
[Round "6"]
[White "Villing, Dieter"]
[Black "Mittermaier, Walter"]
[Result "0-1"]
[WhiteElo "2220"]
[BlackElo "2141"]
[PlyCount "74"]
[EventDate "2009.03.05"]

1. e4 e5 2. Nf3 Nc6 3. d4 exd4 4. Bc4 Nf6 5. e5 d5 6. Bb5 Ne4 7. Nxd4 Bd7 8.
Bxc6 bxc6 9. O-O Qc8 10. f3 Nc5 11. Nd2 Be7 12. f4 f5 13. Qh5+ g6 14. Qh6 Kf7
15. N2f3 Ne4 16. b3 Bf8 17. Qh3 Bg7 18. Bb2 c5 19. Ne2 Be6 20. Nc3 h6 21. Rad1
c6 22. g3 Qa6 23. a3 Rab8 24. Qg2 Rhd8 25. Nh4 c4 26. g4 cxb3 27. Nxe4 bxc2 28.
Qxc2 dxe4 29. Rxd8 Rxd8 30. gxf5 gxf5 31. Qg2 Rg8 32. Qg6+ Ke7 33. Nxf5+ Bxf5
34. Qxf5 Bxe5+ 35. Kf2 Qb6+ 36. Ke1 Qe3+ 37. Kd1 Rd8+ 0-1

[Event "Bad Woerishofen sen"]
[Site "?"]
[Date "2009.03.10"]
[Round "6"]
[White "Fels, Karl-Heinz"]
[Black "Aigner, Georg"]
[Result "0-1"]
[WhiteElo "1936"]
[BlackElo "2020"]
[PlyCount "124"]
[EventDate "2009.03.05"]

1. e4 e5 2. Nf3 Nc6 3. Bb5 a6 4. Ba4 Nf6 5. O-O b5 6. Bb3 Be7 7. Re1 d6 8. a4
Bb7 9. axb5 axb5 10. Rxa8 Qxa8 11. d3 O-O 12. Nc3 Qa6 13. Bg5 Na5 14. Ba2 b4
15. Bxf6 Bxf6 16. Ne2 c5 17. c4 Nc6 18. Bb3 Ra8 19. Ng3 g6 20. h4 Bc8 21. h5
Bg4 22. hxg6 fxg6 23. Ne2 Bxf3 24. gxf3 Qc8 25. Kg2 Bg5 26. Rh1 Qf8 27. Ba4 Ne7
28. Ng3 Qf4 29. Bd7 Kg7 30. Be6 Rf8 31. Nf1 Bh4 32. Ne3 Nc6 33. Rh3 Nd4 34. Bg4
Bg5 35. Nd5 Qf7 36. Qh1 h5 37. Ne3 Bh6 38. Nf5+ gxf5 39. Bxh5 Qf6 40. Rg3+ Bg5
41. Qh4 Ne6 42. Kg1 Rh8 43. Qh2 Nf4 44. Rh3 Rxh5 45. Rxh5 Nxh5 46. Qxh5 Qh6 47.
Qe8 Qg6 48. Qd7+ Kh6 49. exf5 Qf6 50. Kf1 Bh4 51. Ke2 Kg5 52. Qc8 Kf4 53. Qc6
Kxf5 54. Qe4+ Ke6 55. Qg4+ Ke7 56. Qc8 e4 57. Qb7+ Kf8 58. Qxe4 Qxb2+ 59. Ke3
Bxf2+ 60. Kf4 Qe5+ 61. Qxe5 dxe5+ 62. Kxe5 b3 0-1

[Event "Bad Woerishofen sen"]
[Site "?"]
[Date "2009.03.10"]
[Round "6"]
[White "Ziltener, Werner"]
[Black "Gerl, Hans Dr"]
[Result "1-0"]
[WhiteElo "2103"]
[BlackElo "2067"]
[PlyCount "71"]
[EventDate "2009.03.05"]

1. d4 Nf6 2. Nf3 b6 3. g3 Bb7 4. Bg2 e6 5. O-O Be7 6. c4 O-O 7. d5 exd5 8. Nh4
c6 9. cxd5 Nxd5 10. Nf5 Na6 11. Bxd5 cxd5 12. Nc3 Nc7 13. Bf4 d6 14. e4 g5 15.
Qg4 Ne6 16. exd5 Nxf4 17. gxf4 Kh8 18. Nxe7 Qxe7 19. Rfe1 Qd8 20. fxg5 f5 21.
Qh5 Rg8 22. h4 Qd7 23. Re3 Rae8 24. Rae1 Rxe3 25. Rxe3 b5 26. Qe2 f4 27. Re7
Qh3 28. Qh5 Rg7 29. Re8+ Rg8 30. Re7 Rg7 31. Qe8+ Rg8 32. Qf7 Qg4+ 33. Kf1 Qh3+
34. Ke2 Qg4+ 35. Kd2 Qxh4 36. Qf6+ 1-0

[Event "Bad Woerishofen sen"]
[Site "?"]
[Date "2009.03.10"]
[Round "6"]
[White "Krotofil, Kurt"]
[Black "Schirmer, Werner"]
[Result "1/2-1/2"]
[WhiteElo "2014"]
[BlackElo "2091"]
[PlyCount "72"]
[EventDate "2009.03.05"]

1. d4 Nf6 2. c4 g6 3. Nc3 Bg7 4. e4 d6 5. f3 O-O 6. Be3 Nc6 7. Nge2 a6 8. Qd2
Rb8 9. Nc1 e5 10. d5 Nd4 11. Nb3 Nxb3 12. axb3 c5 13. Kd1 Bd7 14. Kc2 Qc8 15.
Bh6 b5 16. h4 bxc4 17. Bxc4 Bb5 18. Bxb5 axb5 19. h5 Bxh6 20. Qxh6 b4 21. Ne2
c4 22. Ng3 c3 23. Nf5 cxb2+ 24. Kd2 Qc3+ 25. Ke2 Qc2+ 26. Ke3 Nxd5+ 27. exd5
Qxf5 28. Rab1 Rfc8 29. Rxb2 Rc3+ 30. Kf2 Rb7 31. Ra1 Rbc7 32. hxg6 fxg6 33.
Ra8+ Rc8 34. Ra7 R3c7 35. Rxc7 Rxc7 36. Qh4 Rc2+ 1/2-1/2

[Event "Bad Woerishofen sen"]
[Site "?"]
[Date "2009.03.10"]
[Round "6"]
[White "Braeu, Ludwig"]
[Black "Rogowski, Walter"]
[Result "1-0"]
[WhiteElo "1988"]
[BlackElo "1685"]
[PlyCount "59"]
[EventDate "2009.03.05"]

1. c4 Nf6 2. Nf3 g6 3. d4 Bg7 4. Nc3 c6 5. g3 d5 6. b3 O-O 7. Bg2 Bf5 8. O-O
Re8 9. Bb2 Nbd7 10. h3 e5 11. dxe5 Nxe5 12. Nxe5 Rxe5 13. g4 d4 14. Na4 Bc8 15.
Bxd4 Re8 16. e3 Qc7 17. Qf3 Ne4 18. Rad1 Bf8 19. Nc3 f5 20. Nxe4 fxe4 21. Qf6
Bg7 22. Qxg7+ Qxg7 23. Bxg7 Kxg7 24. Rd4 c5 25. Rxe4 Rd8 26. Re7+ Kf6 27. Rxh7
Rb8 28. Bd5 a6 29. f4 b5 30. Rf7# 1-0

[Event "Bad Woerishofen sen"]
[Site "?"]
[Date "2009.03.10"]
[Round "6"]
[White "Spurga, Josef"]
[Black "Fleckner, Hans"]
[Result "1-0"]
[WhiteElo "1996"]
[BlackElo "1964"]
[PlyCount "59"]
[EventDate "2009.03.05"]

1. d4 Nf6 2. Nf3 e6 3. c4 b6 4. g3 Ba6 5. b3 Bb4+ 6. Bd2 Be7 7. Bg2 Bb7 8. Nc3
O-O 9. Qc2 Nc6 10. O-O d5 11. cxd5 exd5 12. a3 h6 13. Bc1 Re8 14. Bb2 Ne4 15.
Rac1 Bf6 16. e3 Ne7 17. Nxe4 dxe4 18. Ne5 Qd5 19. f3 Bg5 20. fxe4 Bxe3+ 21. Kh1
Qe6 22. Rcd1 Ng6 23. d5 Qe7 24. Rxf7 Qg5 25. Rxg7+ Kxg7 26. Nf3+ Kh7 27. Nxg5+
Bxg5 28. Bh3 Ne5 29. Bf5+ Kg8 30. Be6+ 1-0

[Event "Bad Woerishofen sen"]
[Site "?"]
[Date "2009.03.10"]
[Round "6"]
[White "Dahlhaus, Friedhelm"]
[Black "Diete, Guenter"]
[Result "1-0"]
[WhiteElo "2121"]
[BlackElo "1966"]
[PlyCount "65"]
[EventDate "2009.03.05"]

1. e4 d5 2. exd5 Nf6 3. d4 Nxd5 4. c4 Nb4 5. a3 N4c6 6. Be3 e5 7. d5 Nd4 8.
Bxd4 exd4 9. Qxd4 c6 10. Nc3 cxd5 11. cxd5 Be7 12. Bb5+ Bd7 13. Bxd7+ Nxd7 14.
Nf3 O-O 15. O-O Bf6 16. Qb4 Nb6 17. Rad1 Rc8 18. Rd3 Rc4 19. Qb5 Qd6 20. Re1
Qf4 21. Nd2 Bd4 22. Nf3 Bf6 23. d6 g6 24. g3 Qg4 25. Kg2 Qd7 26. Qxd7 Nxd7 27.
Nd5 Bxb2 28. Rb3 Bd4 29. Rxb7 Nb6 30. Nxb6 Bxb6 31. d7 Rc2 32. Rxb6 axb6 33.
Re8 1-0

[Event "Bad Woerishofen sen"]
[Site "?"]
[Date "2009.03.10"]
[Round "6"]
[White "Oser, Thor"]
[Black "Moeckel, Edgar Dr"]
[Result "0-1"]
[WhiteElo "1880"]
[BlackElo "1993"]
[PlyCount "34"]
[EventDate "2009.03.05"]

1. e4 c6 2. d4 d5 3. exd5 cxd5 4. c4 Nf6 5. Nc3 e6 6. Nf3 Bb4 7. Bg5 O-O 8.
Bxf6 Qxf6 9. a3 Bxc3+ 10. bxc3 Nc6 11. Be2 dxc4 12. Bxc4 b6 13. O-O Bb7 14. Rc1
Rac8 15. Be2 Rfe8 16. Qd2 e5 17. d5 Na5 0-1

[Event "Bad Woerishofen sen"]
[Site "?"]
[Date "2009.03.10"]
[Round "6"]
[White "Antusch, Ingrid"]
[Black "Dittmann, Heinz"]
[Result "1-0"]
[WhiteElo "1771"]
[BlackElo "1571"]
[PlyCount "63"]
[EventDate "2009.03.05"]

1. f4 Nf6 2. Nf3 g6 3. e3 Bg7 4. d4 d5 5. Bd3 Nc6 6. c3 O-O 7. Nbd2 b6 8. O-O
Bb7 9. Ne5 e6 10. Qf3 Nd7 11. Qh3 Ne7 12. Ndf3 Nf6 13. Ng5 Bc8 14. Ng4 Nh5 15.
Ne5 Qd6 16. g4 Nf6 17. Bd2 h6 18. Ngf3 Ne4 19. Rae1 f6 20. g5 Nf5 21. Nxg6 Rf7
22. gxf6 Rxf6 23. Nge5 Bd7 24. Re2 Kh7 25. Bxe4 dxe4 26. Ng5+ Kg8 27. Nxe4 Qd5
28. Nxf6+ Bxf6 29. e4 Qb7 30. exf5 Bxe5 31. fxe5 Kf7 32. fxe6+ 1-0

[Event "Bad Woerishofen op"]
[Site "?"]
[Date "2009.03.11"]
[Round "7"]
[White "Mainka, Romuald"]
[Black "Edouard, Romain"]
[Result "0-1"]
[WhiteElo "2478"]
[BlackElo "2562"]
[PlyCount "72"]
[EventDate "2009.03.05"]

1. e4 c5 2. Nf3 d6 3. d4 cxd4 4. Nxd4 Nf6 5. Nc3 Nc6 6. Bg5 e6 7. Qd2 a6 8.
O-O-O Bd7 9. f3 Be7 10. h4 h6 11. Be3 h5 12. Kb1 Qc7 13. Bd3 Ne5 14. Bg5 b5 15.
Rhe1 Qb6 16. Nce2 Rb8 17. Ka1 a5 18. Rc1 O-O 19. Be3 Qb7 20. Ng3 g6 21. Bg5 a4
22. f4 Nc4 23. Bxc4 bxc4 24. Rb1 a3 25. b4 cxb3 26. axb3 Rfc8 27. c3 Bc6 28.
Nxc6 Rxc6 29. f5 Ng4 30. c4 a2 31. Rb2 Bf8 32. f6 Rb6 33. Qc2 d5 34. cxd5 Ba3
35. Bc1 Bxb2+ 36. Bxb2 Rxb3 0-1

[Event "Bad Woerishofen op"]
[Site "?"]
[Date "2009.03.11"]
[Round "7"]
[White "Bogner, Sebastian"]
[Black "Teske, Henrik"]
[Result "1/2-1/2"]
[WhiteElo "2467"]
[BlackElo "2515"]
[PlyCount "57"]
[EventDate "2009.03.05"]

1. e4 e5 2. Nf3 Nf6 3. d4 Nxe4 4. Bd3 Nc6 5. Nxe5 Nxe5 6. Bxe4 d5 7. dxe5 dxe4
8. Qxd8+ Kxd8 9. Nc3 Bb4 10. Bg5+ Ke8 11. O-O-O Bg4 12. Rd4 Bxc3 13. bxc3 h6
14. Rxe4 Bh3 15. gxh3 hxg5 16. Rg1 Rxh3 17. Rxg5 Kf8 18. Reg4 Re8 19. Rxg7 Rxe5
20. Rg8+ Ke7 21. Rc4 Kd7 22. Rf4 Re7 23. Rf8 Ke6 24. Re4+ Kf6 25. Rxe7 Kxe7 26.
Ra8 Rxh2 27. Rxa7 Rxf2 28. Rxb7 Kd6 29. a4 1/2-1/2

[Event "Bad Woerishofen op"]
[Site "?"]
[Date "2009.03.11"]
[Round "7"]
[White "Iotov, Valentin"]
[Black "Racherbaeumer, Marcel"]
[Result "1-0"]
[WhiteElo "2556"]
[BlackElo "2303"]
[PlyCount "71"]
[EventDate "2009.03.05"]

1. d4 Nf6 2. c4 c5 3. d5 e6 4. Nc3 exd5 5. cxd5 d6 6. e4 g6 7. f4 Bg7 8. Bb5+
Nfd7 9. Nf3 a6 10. Bd3 b5 11. O-O O-O 12. Kh1 c4 13. Bc2 b4 14. Na4 Nf6 15. Be3
Nbd7 16. Nd4 a5 17. Qf3 Bb7 18. Rad1 Re8 19. Rfe1 h5 20. h3 h4 21. Bf2 Nh5 22.
Qg4 Ng3+ 23. Bxg3 hxg3 24. Qxg3 Nf6 25. f5 Nh5 26. Qg4 Bc8 27. Rf1 Qc7 28. Ne6
fxe6 29. fxe6 Be5 30. Qxg6+ Ng7 31. Rf7 Re7 32. Rdf1 Ba6 33. Nb6 Qxb6 34. Rxe7
Qe3 35. Ref7 c3 36. Rf8+ 1-0

[Event "Bad Woerishofen op"]
[Site "?"]
[Date "2009.03.11"]
[Round "7"]
[White "Epishin, Vladimir"]
[Black "Berchtenbreiter, Max"]
[Result "1-0"]
[WhiteElo "2587"]
[BlackElo "2142"]
[PlyCount "71"]
[EventDate "2009.03.05"]

1. d4 e6 2. c4 Nf6 3. Nf3 d5 4. Bg5 Be7 5. Nc3 O-O 6. e3 h6 7. Bh4 Ne4 8. Bxe7
Qxe7 9. Rc1 c6 10. Be2 Nd7 11. O-O Nxc3 12. Rxc3 dxc4 13. Rxc4 e5 14. Qc2 exd4
15. Nxd4 Ne5 16. Rc3 Bd7 17. h3 f6 18. Qb3+ Qf7 19. f4 Qxb3 20. Rxb3 c5 21.
fxe5 cxd4 22. Bc4+ Kh7 23. exf6 b5 24. Bxb5 Bxb5 25. Rxb5 dxe3 26. Rb7 e2 27.
Rxg7+ Kh8 28. Re1 Rxf6 29. Re7 a5 30. R1xe2 a4 31. b4 axb3 32. axb3 Ra1+ 33.
Kh2 Rb1 34. Rb7 Kg8 35. Re8+ Rf8 36. Re6 1-0

[Event "Bad Woerishofen op"]
[Site "?"]
[Date "2009.03.11"]
[Round "7"]
[White "De Francesco, Klaus"]
[Black "Schneider, Ilja"]
[Result "0-1"]
[WhiteElo "2318"]
[BlackElo "2496"]
[PlyCount "82"]
[EventDate "2009.03.05"]

1. d4 Nf6 2. c4 e6 3. Nc3 c5 4. d5 exd5 5. cxd5 d6 6. e4 g6 7. Nf3 Bg7 8. h3
O-O 9. Bd3 Nbd7 10. O-O Nh5 11. Re1 Ne5 12. Be2 Nxf3+ 13. Bxf3 Qh4 14. Bxh5
gxh5 15. Qd2 Be5 16. Qg5+ Qxg5 17. Bxg5 f6 18. Bd2 b5 19. Rac1 b4 20. Nd1 f5
21. f3 fxe4 22. fxe4 Bg3 23. Re3 Bf4 24. Re2 Ba6 25. Rf2 Bxd2 26. Rxd2 Rf1+ 27.
Kh2 Re8 28. Rcc2 Rxe4 29. Nf2 Re3 30. h4 Kg7 31. Nh3 Bd3 32. Rf2 Rd1 33. Rcd2
Rxd2 34. Rxd2 c4 35. Nf4 Kf6 36. g3 Kf5 37. Nxh5 Kg4 38. Nf6+ Kf3 39. g4 Re2+
40. Rxe2 Kxe2 41. Nh5 c3 0-1

[Event "Bad Woerishofen op"]
[Site "?"]
[Date "2009.03.11"]
[Round "7"]
[White "Gutman, Lev"]
[Black "Schulze, Ulrich"]
[Result "1/2-1/2"]
[WhiteElo "2493"]
[BlackElo "2316"]
[PlyCount "88"]
[EventDate "2009.03.05"]

1. Nf3 c5 2. g3 Nc6 3. d4 cxd4 4. Nxd4 g6 5. Bg2 Bg7 6. Nxc6 bxc6 7. O-O Nf6 8.
Nd2 O-O 9. Nb3 a5 10. a4 Ba6 11. Nc5 Bc8 12. Bd2 Qc7 13. Nb3 Nd5 14. Qc1 d6 15.
Bh6 e5 16. Bxg7 Kxg7 17. Rd1 Be6 18. Qd2 Rfd8 19. Nc1 Rab8 20. b3 Qb6 21. Nd3
Ne7 22. Rab1 f6 23. Qc3 c5 24. Qe1 d5 25. c4 d4 26. f4 exf4 27. Nxf4 Bf7 28.
Bh3 Nc6 29. Qf2 Ne5 30. Rf1 Rd6 31. g4 Re8 32. Qg3 Qd8 33. Bg2 Qe7 34. h4 h6
35. Rf2 Rb8 36. Rbf1 Rdb6 37. Nd3 Nxd3 38. exd3 Rd6 39. Rxf6 Rxf6 40. Rxf6 Qxf6
41. Qxb8 Qxh4 42. Qe5+ Kg8 43. Bf3 Qg5 44. Qb8+ Kh7 1/2-1/2

[Event "Bad Woerishofen op"]
[Site "?"]
[Date "2009.03.11"]
[Round "7"]
[White "Loew, Gerald"]
[Black "Dittmar, Peter"]
[Result "1/2-1/2"]
[WhiteElo "2299"]
[BlackElo "2382"]
[PlyCount "30"]
[EventDate "2009.03.05"]

1. c4 e6 2. g3 d5 3. Bg2 dxc4 4. Nf3 Nd7 5. Qc2 Ngf6 6. Na3 Bxa3 7. bxa3 Nb6 8.
Ne5 O-O 9. Bb2 Re8 10. O-O c6 11. Rfd1 Qe7 12. Rab1 Nfd7 13. Nxc4 Nxc4 14. Qxc4
Nb6 15. Qc2 e5 1/2-1/2

[Event "Bad Woerishofen op"]
[Site "?"]
[Date "2009.03.11"]
[Round "7"]
[White "Pirrot, Dieter"]
[Black "Schaefer, Michael"]
[Result "1-0"]
[WhiteElo "2441"]
[BlackElo "2183"]
[PlyCount "79"]
[EventDate "2009.03.05"]

1. e4 c5 2. b4 cxb4 3. a3 Nf6 4. e5 Nd5 5. axb4 Nxb4 6. c3 N4c6 7. d4 d6 8. f4
e6 9. Nf3 Be7 10. Bd3 Nd7 11. Qe2 Nb6 12. O-O Nd5 13. Be4 dxe5 14. fxe5 O-O 15.
Bc2 f5 16. exf6 gxf6 17. Bh6 Qe8 18. Bxf8 Bxf8 19. Nh4 Qf7 20. Bb3 Bd7 21. Rf3
Re8 22. Nd2 f5 23. Raf1 Be7 24. Bxd5 Bxh4 25. Bb3 Kh8 26. Qe3 Qg7 27. Nc4 Rg8
28. Qe2 b5 29. Nd6 Nxd4 30. cxd4 Qxd4+ 31. Kh1 Qxd6 32. Rd3 Qc6 33. Qb2+ Rg7
34. Rc1 Qb7 35. Rc2 Bc6 36. Bxe6 Bf6 37. Qxf6 Bxg2+ 38. Kg1 Be4+ 39. Rg3 Bxc2
40. Qf8+ 1-0

[Event "Bad Woerishofen op"]
[Site "?"]
[Date "2009.03.11"]
[Round "7"]
[White "Trabert, Bettina"]
[Black "Babar, Michael"]
[Result "0-1"]
[WhiteElo "2306"]
[BlackElo "2178"]
[PlyCount "100"]
[EventDate "2009.03.05"]

1. e4 e5 2. Nf3 Nc6 3. Nc3 Nf6 4. d4 exd4 5. Nxd4 Bb4 6. Nxc6 bxc6 7. Bd3 d5 8.
exd5 Qe7+ 9. Qe2 Qxe2+ 10. Kxe2 Nxd5 11. Ne4 O-O 12. a3 Be7 13. Re1 f5 14. Ng5
h6 15. Nf3 Bf6 16. Kf1 a5 17. Ne5 Re8 18. f4 Bxe5 19. fxe5 Be6 20. b3 a4 21.
Bc4 Nc3 22. Bxe6+ Rxe6 23. Bb2 Ne4 24. Rad1 Rb8 25. Re3 h5 26. Ba1 c5 27. bxa4
Ra8 28. Rd7 Rxa4 29. Rxc7 Rc4 30. Re2 Rb6 31. e6 Rb1+ 32. Re1 Nd2+ 33. Ke2 Re4+
34. Kxd2 Rbxe1 35. Rxg7+ Kf8 36. Bb2 Rxe6 37. Rg5 R1e2+ 38. Kd1 Ke7 39. Rxf5
Rxg2 40. Rxh5 Rd6+ 41. Ke1 Rxc2 42. Re5+ Re6 43. Rxe6+ Kxe6 44. Bg7 Rxh2 45.
Kd1 Ra2 46. Kc1 Rxa3 47. Kc2 Rh3 48. Bc3 Kd5 49. Kb3 Rf3 50. Kc2 Kc4 0-1

[Event "Bad Woerishofen op"]
[Site "?"]
[Date "2009.03.11"]
[Round "7"]
[White "Galje, Hans"]
[Black "Rogobete, Nikolas"]
[Result "0-1"]
[WhiteElo "2111"]
[BlackElo "2275"]
[PlyCount "98"]
[EventDate "2009.03.05"]

1. d4 d6 2. c4 c6 3. Nc3 Nd7 4. e4 e5 5. Nf3 Ngf6 6. Be2 Be7 7. O-O O-O 8. Re1
Qc7 9. d5 a5 10. h3 Nc5 11. Bf1 Bd7 12. b3 Rfc8 13. Bb2 g6 14. Rc1 Qb6 15. Ba3
Bf8 16. Qd2 Be8 17. Qe3 Nfd7 18. g4 Qd8 19. Red1 Qf6 20. Ne2 cxd5 21. cxd5 b5
22. Bb2 b4 23. Nd2 a4 24. Nc4 Qh4 25. Qf3 Qg5 26. Ra1 h5 27. Bc1 hxg4 28. hxg4
Qh4 29. Bd2 Rcb8 30. Ng3 Nf6 31. Be2 Bd7 32. Ne3 Nh7 33. Ng2 Qf6 34. Qe3 Be7
35. Ne1 Ng5 36. Nc2 Nh3+ 37. Kf1 Nf4 38. Bxb4 Qh4 39. Qf3 Qh3+ 40. Ke1 Nxe2 41.
Qxe2 Bxg4 42. Qe3 Bxd1 43. Rxd1 axb3 44. axb3 Ra2 45. Bxc5 Rxc2 46. Bb6 Rbc8
47. Ba5 Bh4 48. Bd2 Bxg3 49. fxg3 Qg2 0-1

[Event "Bad Woerishofen op"]
[Site "?"]
[Date "2009.03.11"]
[Round "7"]
[White "Makryniotis, Konstant"]
[Black "Rahls, Peter"]
[Result "0-1"]
[WhiteElo "1877"]
[BlackElo "2263"]
[PlyCount "74"]
[EventDate "2009.03.05"]

1. Nf3 c5 2. c4 Nc6 3. Nc3 g6 4. d4 cxd4 5. Nxd4 Bg7 6. Nf3 Nf6 7. g3 O-O 8.
Bg2 d6 9. O-O Be6 10. Nd5 Rc8 11. Nd2 Bxd5 12. cxd5 Nb4 13. Qb3 Qa5 14. Nc4 Qc5
15. Ne3 Na6 16. Bd2 Qc7 17. Bc3 Nc5 18. Qd1 Qb6 19. Bd4 Qa6 20. Re1 Rc7 21. Qb1
Rfc8 22. b3 h5 23. Qb2 Ne8 24. Bxg7 Nxg7 25. Rac1 b5 26. Bh3 f5 27. Bg2 Ne8 28.
a3 Nf6 29. Nc2 Nce4 30. Ne3 Nc3 31. h4 Nxe2+ 32. Rxe2 Rxc1+ 33. Kh2 R1c7 34.
Nc2 Qb6 35. Nd4 Kf7 36. Qd2 b4 37. Qe3 Ng4+ 0-1

[Event "Bad Woerishofen op"]
[Site "?"]
[Date "2009.03.11"]
[Round "7"]
[White "Bjarnason, Oskar"]
[Black "Schweizer, Manfred"]
[Result "1/2-1/2"]
[WhiteElo "2232"]
[BlackElo "2123"]
[PlyCount "39"]
[EventDate "2009.03.05"]

1. e4 d6 2. d4 Nf6 3. Nc3 g6 4. f4 Bg7 5. Nf3 O-O 6. Bd3 Nc6 7. Be3 Ng4 8. Bg1
e5 9. fxe5 dxe5 10. d5 Nd4 11. h3 Nh6 12. Qd2 f5 13. O-O-O fxe4 14. Bxe4 Nhf5
15. Bxf5 Nxf5 16. Kb1 Ng3 17. Bc5 Nxh1 18. Bxf8 Qxf8 19. Rxh1 Bf5 20. Re1
1/2-1/2

[Event "Bad Woerishofen op"]
[Site "?"]
[Date "2009.03.11"]
[Round "7"]
[White "Hess, Christian Mathi"]
[Black "Oud, Niek"]
[Result "1-0"]
[WhiteElo "2222"]
[BlackElo "2032"]
[PlyCount "65"]
[EventDate "2009.03.05"]

1. Nf3 Nf6 2. c4 e6 3. g3 d5 4. Bg2 Be7 5. O-O O-O 6. d4 dxc4 7. Na3 c5 8. Nxc4
Nc6 9. dxc5 Bxc5 10. a3 a6 11. b4 Be7 12. Bb2 Bd7 13. Rc1 Rc8 14. Qd3 b5 15.
Nd6 Rc7 16. Ng5 g6 17. Rfd1 Nd5 18. Ngxf7 Rxf7 19. Nxf7 Kxf7 20. Bxd5 exd5 21.
Qxd5+ Kf8 22. Qf3+ Ke8 23. Qe3 Qc8 24. Qh6 Bf5 25. Qf4 Rd7 26. e4 Rxd1+ 27.
Rxd1 Bg4 28. f3 Be6 29. Bf6 Bb3 30. Rd2 Bf8 31. Kg2 Qe6 32. Qc7 Qxf6 33. Qd7#
1-0